Biblioteca

A concise system of theology on the basis of the shorter catechism / Alexander Smith Paterson (Registro nro. 34050)

Detalles MARC
000 -LÍDER
Campo fijo de descripción fija 006340000a22002050004500
001 - NÚMERO DE CONTROL
Campo de control 3374
003 - IDENTIFICADOR DEL NÚMERO DE CONTROL
Campo de control CO-MdFUSB
005 - FECHA Y HORA DE LA ULTIMA TRANSACCIÓN
control field 20170622125257.0
008 - ELEMENTOS DE LONGITUD FIJA -- INFORMACIÓN GENERAL
Campo fijo de descripción fija -- Información general 170622b xxu||||| |||| 00| 0 eng d
040 ## - FUENTE DE CATALOGACIÓN
Agencia que realiza la transcripción CO-MdFUSB
041 0# - CÓDIGO DE IDIOMA
Código de idioma para texto/pista de sonido o título separado
082 04 - NÚMERO DE CLASIFICACIÓN DECIMAL DEWEY
Número de clasificación G 230.02 P296c
100 1# - ASIENTO PRINCIPAL--NOMBRE PERSONAL
Nombre personal Paterson, Alexander Smith (1803?-1828)
245 10 - TÍTULO
Título del Material A concise system of theology on the basis of the shorter catechism / Alexander Smith Paterson
250 ## - MENCIÓN DE EDICIÓN
Mención de edición segunda edición
260 ## - PUBLICACIÓN, DISTRIBUCIÓN, ETC. (PIE DE IMPRENTA)
Lugar de publicación, distribución, etc. Pittsburgh, USA : W.W. Waters
Fecha de publicación, distribución, etc. 1854
300 ## - DESCRIPCIÓN FÍSICA
Extensión xviii, 390 Pag
650 14 - ASIENTO SECUNDARIO DE MATERIA - TERMINO TEMÁTICO
Término temático o nombre geográfico como elemento de entrada WESTMINSTER - ASAMBLEA \ IGLESIA DE ESCOCIA - CATECISMOS Y CREDOS
942 ## - TIPO DE MATERIAL (KOHA)
Tipo de Item KOHA Libros Patrimoniales
Existencias
Estado de Material Estado de Perdido Forma de Clasificación Estado de Dañado No para Préstamo Colección Tomo Biblioteca de Origen Biblioteca Permanente Fecha de Adquisición Total de Préstamos Signatura Topográfica Código de Barras Última vez visto Ejemplar/Existencia Fecha de Remplazo Tipo de Material
    Dewey Decimal Classification     Colección Patrimonial   Biblioteca FUSBC Biblioteca FUSBC 01/12/2004   P 230.02 P296c 2857 12/12/2019 1 26/01/2016 Libros Patrimoniales

Biblioteca FUSBC | Teléfono: (57+4) 349 88 10 Ext. 141| WhatsApp (+57) 3005338115 
E-mail: biblioteca@unisbc.edu.co | Calle 76 87-14 Robledo Palenque, Medellín, Colombia

Con tecnología Koha